| 000 | 00433nam a2200169Ia 4500 | ||
|---|---|---|---|
| 005 | 20250424120239.0 | ||
| 008 | 250424s9999 xx 000 0 und d | ||
| 022 | _a15975954 | ||
| 050 | _aRA 777 .H43/ | ||
| 245 | 0 | _aHealth standard journal [HSJ] | |
| 260 | _aLagos, Nigeria | ||
| 260 | _bNeros pharmaceuticals ltd. | ||
| 260 | _c2017 | ||
| 300 | _a55 p. :ill. ; 29 cm. | ||
| 650 | _aHealth--Juvenile literature. | ||
| 942 | _cSR | ||
| 999 |
_c38227 _d38227 |
||